| 000 | 00431nam a2200181Ia 4500 | ||
|---|---|---|---|
| 001 | 20122 | ||
| 005 | 20260306172743.0 | ||
| 008 | 260306t2000||||xx |||||||||||||| ||spa|| | ||
| 041 | _aESP | ||
| 082 |
_a342.511 _bH82 |
||
| 100 |
_aHuapaya Olivares, Alberto [1960-...] _eAUT |
||
| 245 | 0 | _aLa extradición | |
| 260 | _c2000 | ||
| 300 |
_a328 páginas : _c21 cm. |
||
| 650 | _aGEN | ||
| 654 | _aCDE | ||
| 942 |
_cLIB _dJUS _fJUS _2ddc _n |
||
| 999 |
_c20122 _d20122 |
||